000 01207 a2200145 4500
003 OSt
005 20260204155048.0
008 260204b |||||||| |||| 00| 0 eng d
100 _aमराठे एस
_9216608
245 _aसुलभ आरोग्यसरिता
260 _bभारतीय विचार साधना प्रकाशन
_c2018
_aपुणे
300 _a64pp.
520 _aशरीरस्वास्थाचा मूळमंत्र, दक्षता, आहारशास्त्र, याद्वारे विविध शरीरसंस्थानिहाय असलेल्या विकारांचे सुलभरीत्या उपचार ही मध्यवर्ती कल्पना याठिकाणी निश्चित करण्यात आली आहे. दुर्मिळ औषधी वनस्पतींद्वारे रोगहरण सहज शक्य आहे. वाचकांमार्फत या कृतीचे स्वागतच होईल हा आत्मविश्वास आहे. शुभं भवतु !
942 _cBK
_2ddc
999 _c370181
_d370181